UNEP capacity building programme on safety in biotechnology (Registro nro. 11255)

Detalles MARC
000 -CABECERA
Campo de control 004070000a22001450004500
090 ## - CLASIFICACIÓN LOCAL
Colección AR
Consecutivo 02183
041 0# - IDIOMA
Código de idioma para texto/pista de sonido o título separado
100 1# - ASIENTO PRINCIPAL--NOMBRE PERSONAL
Nombre personal Zedan, Hamdellah
245 10 - MENCION DE TITULO
Título UNEP capacity building programme on safety in biotechnology
650 14 - ASIENTO SECUNDARIO DE MATERIA - TERMINO TEMATICO
Término temático o nombre geográfico como elemento de entrada Biotecnología
650 14 - ASIENTO SECUNDARIO DE MATERIA - TERMINO TEMATICO
Término temático o nombre geográfico como elemento de entrada Seguridad ambiental
650 14 - ASIENTO SECUNDARIO DE MATERIA - TERMINO TEMATICO
Término temático o nombre geográfico como elemento de entrada Riesgo ambiental
773 1# - Item fuente:
Título Preprint
Especificación de materiales 3
Paginas del Articulo 1-6
Lugar, editorial y fecha de publicación 1998?
942 ## - ELEMENTOS ADICIONALES (KOHA)
Tipo de ítem Artículo
Existencias
Withdrawn status Lost status Damaged status No para préstamo Colección Ubicación Permanente Ubicación actual Fecha de adquisición Fuente de Valor Datos de publicación Seriada Total Checkouts Número topográfico Inventario / Código de Barras Date last seen Ejemplar Price effective from Forma de adquisición Tipo de material
      No para Préstamo Hemeroteca Bogotá Bogotá 27/02/2015 Muñoz Saba, Yaneth Fuera de circulación   AR 02183 012568 25/03/2015 1 25/03/2015   Artículo